• 首页
  • 本馆介绍
  • 公告通知
  • 最新文献
  • 馆藏检索
  • 电子资源
  • 读者导购
  • 参考咨询
  • 我的图书馆
  • 登录
  • 详细信息显示
  • 放入我的书架
  • 预约/预借图书
  • 作者相关作品
  • 分类相关作品
  • 丛书相关作品
  • 出版社相关作品

书目信息

  • 表格格式
  • 工作单格式
  • 卡片格式
题名:
政法干警招录培养考试专用教材
    
 
作者: 李永新 主编
分册:   民法学历年真题+全真模拟预测试卷【本科类】
出版信息: 北京   人民日报出版社  2013
页数: 140栏
开本: 26×37cm
丛书名:
单 册:
中图分类: D631.15 , D926.174 , D631.15-44
科图分类:
主题词: 警察--中国--考核--教材 , 政法干部--中国--考核--教材 , 民法--法学--中国--考核--试题 , 警察 , 政法干部 , 民法 , 法学
电子资源:
ISBN: 978-7-5115-1664-0
000 01344nam0 2200373 450
001 1732537704
005 20130829171247.0
010    @a978-7-5115-1664-0@dCNY26.00
090    @aD631@blyx
100    @a20140429d2013 em y0chiy50 ea
101 0  @achi
102    @aCN@b110000
105    @ay zq 000yy
106    @ad
200 1  @a政法干警招录培养考试专用教材@9zheng fa gan jing zhao lu pei yang kao shi zhuan yong jiao cai@i民法学历年真题+全真模拟预测试卷【本科类】@i本科类@f李永新主编
210    @a北京@c人民日报出版社@d2013
215    @a140栏@d26×37cm
300    @a2013最新版
307    @a每页2栏
330    @a本书收录了《2012年政法干警招录培养考试<民法学>试卷》、《2011年政法干警招录培养考试<民法学>试卷》以及《政法干警招录培养考试<民法学>全真模拟预测试卷》12套,并附有参考答案及解析。
517 1  @a民法学历年真题+全真模拟预测试卷【本科类】@Amin fa xue li nian zhen ti+quan zhen mo ni yu ce shi juan【ben ke lei】
606 0  @a警察@y中国@x考核@j教材
606 0  @a政法干部@y中国@x考核@j教材
606 0  @a民法@x法学@y中国@x考核@j试题
606 0  @a警察
606 0  @a政法干部
606 0  @a民法
606 0  @a法学
690    @aD631.15@v5
690    @aD926.174@v5
690    @aD631.15-44@v4
701  0 @a李永新@9li yong xin@c(公务员考试)@4主编
801  0 @aCN@bNLC@c20140429
905    @aMUSE@dD631.15-44@e2
    
    政法干警招录培养考试专用教材.民法学历年真题+全真模拟预测试卷【本科类】.本科类/李永新主编.-北京:人民日报出版社,2013
    140栏;26×37cm
    2013最新版
    
    ISBN 978-7-5115-1664-0:CNY26.00
    本书收录了《2012年政法干警招录培养考试<民法学>试卷》、《2011年政法干警招录培养考试<民法学>试卷》以及《政法干警招录培养考试<民法学>全真模拟预测试卷》12套,并附有参考答案及解析。
●
相关链接 在五车中查询图书 在当当中查询图书 在豆瓣中查询图书


正题名:政法干警招录培养考试专用教材     索取号:D631.15-44/2         预约/预借

序号 登录号 条形码 馆藏地/架位号 状态 备注
1 830100   2000830100   第二书库/ [索取号:D631.15-44/2] 在馆    
2 830101   2000830101   第二书库/ [索取号:D631.15-44/2] 在馆    
3 830102   2000830102   第二书库/ [索取号:D631.15-44/2] 在馆    
山东省滨州职业学院图书馆 欢迎您!
大连网信软件有限公司© 版权所有